Matemática (Record no. 140367)

MARC details
000 -LÍDER
campo de controle de tamanho fixo 00764 a2200181 4500
001 - NÚMERO DE CONTROLE
campo de controle 140367
040 ## - FONTE DA CATALOGAÇÃO
Instituição que transcreveu o registro Leonardo Da Vinci
041 ## - CÓDIGO DE IDIOMA
Código do idioma do texto/trilha sonora ou título diferente Português
082 ## - CDD - CLASSIFICAÇÃO DECIMAL DE DEWEY
Número de Classificação 372.7 B472m
Número do exemplar B472m
100 ## - ENTRADA PRINCIPAL--NOME PESSOAL
Nome pessoal BIANCHINI, Edwaldo
245 ## - TÍTULO
Título Matemática
Restante do título 6ª série
250 ## - EDIÇÃO
Edição 2.ed
260 ## - PUBLICAÇÃO, DISTRIBUIÇÃO, ETC.
Nome do editor, distribuidor, etc. Moderna
Data da publicação, distribuição, etc. 1987
Local de publicação, distribuição, etc. São Paulo
300 ## - DESCRIÇÃO FÍSICA
Extensão 134
362 ## - DATAS DE PUBLICAÇÃO E/OU DESIGNAÇÃO SEQUENCIAL
Datas de publicação e/ou designação sequencial 19870000
697 ## - ENTRADA DE ASSUNTO LOCAL--ENTIDADE COLETIVA (RLIN)
Nome corporativo ou nome da jurisdição Matemática
-- Conjuntos
-- Números inteiros
-- Número oposto
-- Número simétrico
-- Operações
-- Números racionais
-- Quociente
-- Equação do 1. grau
-- Inequação do 1. grau
-- Linguagem simbólica
-- Par ordenado
-- Plano cartesiano
-- Razão
-- Razões inversas
-- Proporção
-- Regra de três
-- Porcentagem
-- Juros
-- Ângulo
-- Medida
-- Bissetriz
-- Medida aritmética
-- Ensino Fundamental 2. ciclo
942 ## - ELEMENTOS DE ENTRADA ADICIONADOS (KOHA)
Tipo de material Koha Livros
Holdings
Situação do descarte Situação das perdas Situação física Não pode ser emprestado Biblioteca de origem Biblioteca atual Data de aquisição Total de empréstimos Número de chamada completo Código de barras Data de último acesso Data do preço efetivo Tipo de material Koha
        Leonardo Da Vinci - Osasco Leonardo Da Vinci - Osasco 27/03/2024   372.7 B472m O007663 27/03/2024 27/03/2024 Livros
        Leonardo Da Vinci - Osasco Leonardo Da Vinci - Osasco 27/03/2024   372.7 B472m O007664 27/03/2024 27/03/2024 Livros
        Leonardo Da Vinci - Osasco Leonardo Da Vinci - Osasco 27/03/2024   372.7 B472m O007665 27/03/2024 27/03/2024 Livros
        Leonardo Da Vinci - Osasco Leonardo Da Vinci - Osasco 27/03/2024   372.7 B472m O016987 27/03/2024 27/03/2024 Livros
        Leonardo Da Vinci - Osasco Leonardo Da Vinci - Osasco 27/03/2024   372.7 B472m O016988 27/03/2024 27/03/2024 Livros